Riziko korupcie v procese privatizácie Analýza vývoja privatizácie v Slovenskej republike s dôrazom na príčiny a súvislosti rizika korupcie v tomto procese

Gespeichert in:
Bibliographische Detailangaben
1. Verfasser: Mikloš, Ivan
Format: Buch
Sprache:Slowakisch
Veröffentlicht: Bratislava Klub Windsor 1995
Ausgabe:1. vyd.
Schlagworte:
Tags: Tag hinzufügen
Keine Tags, Fügen Sie das erste Tag hinzu!

MARC

LEADER 00000nam a2200000 4500
001 c011947
005 20221128073757.8
020 |a 80-967366-2-0 
041 0 |a slo 
044 |a SK 
245 1 0 |a Riziko korupcie v procese privatizácie  |b Analýza vývoja privatizácie v Slovenskej republike s dôrazom na príčiny a súvislosti rizika korupcie v tomto procese  |c Ivan Mikloš 
250 |a 1. vyd. 
264 1 |a Bratislava  |b Klub Windsor  |c 1995 
300 |a 32 s. 
610 2 0 |a korupcia 
610 2 0 |a privatizácia 
610 2 0 |a riziko 
610 2 0 |a Slovensko 
100 1 |a Mikloš, Ivan